La estratificación social en Chile hacia fines del siglo XX /

Kaydedildi:
Detaylı Bibliyografya
Yazar: León, Arturo
Diğer Yazarlar: Martínez, Javier
Materyal Türü: Metin
Etiketler: Etiketle
Etiket eklenmemiş, İlk siz ekleyin!

MARC

LEADER 00000 a a2200000 04500
001 47252
003
040
100 |a León, Arturo  
245 |a La estratificación social en Chile hacia fines del siglo XX /  |c Arturo León y Javier Martínez  
700 |a Martínez, Javier  
773 |g páginas 303-337 : tablas  
999 |c 33866  |d 33866